Statistics for All Kages

Click here to take the quiz!

General Stats

  • This quiz has been taken 6 times
  • The average score is 17 of 28

Answer Stats

HintAnswer% Correct
3rd RaikageA
100%
4th RaikageA
100%
2nd RaikageA
100%
1st RaikageA
100%
5th KazekageGaara
100%
1st HokageHashirama Senju
100%
3rd HokageHiruzen Sarutobi
100%
6th Hokage (real)Kakashi Hatake
100%
4th HokageMinato Namikaze
100%
7th HokageNaruto Uzumaki
100%
2nd HokageTobirama Senju
100%
5th HokageTsunade Senju
100%
6th MizukageChojuro
67%
5th RaikageDarui
67%
5th MizukageMei Terumi
67%
2nd TsuchikageMu
67%
4th TsuchikageKurotsuchi
50%
3rd TsuchikageOnoki
50%
6th Hokage (former)Danzo Shimura
33%
2nd MizukageGengetsu Hozuki
33%
4th KazekageRasa
33%
1st MizukageByakuren
17%
1st TsuchikageIshikawa
17%
1st KazekageReto
17%
2nd KazekageShamon
17%
3rd MizukageThe third
0%
3rd KazekageThe third
0%
4th MizukageYagura Karatchi
0%

Score Distribution

Percentile by Number Answered

Percent of People with Each Score

Your Score History

You have not taken this quiz